1807 1185 1133 1342 1946 1509 1070 1200 1447 1422 1154 1808 1028 1555 1944 1862 1542 1938 1445 1761 1267 1922 1419 1642 1805 1802 1464 1468 1626 1874 1417 1320 1782 1634 1537 1617 1664 1140 1659 1950 1847 1424 1360 1803 1916 1557 1412 1290 1134 1420 1318 1475 1574 1065 1398 1698 1766 1555 1012 1112 1033 1260 1546 1639 1475 1351 1094 1776 1441 1902 1856 1083 1720 1748 1996 1661 1530 1474 1471 1757 1170 1740 1934 1934 1358 1214 1434 1835 1937 1887 1443 1961 1469 1048 1546 1887 1913 1982 1142 BCNSPRNW ULIB Ver.6.0+V

เปลี่ยนเป็นภาษาไทย

Change to English
 แสดงรายละเอียดบรรณานุกรม
  กลับหน้าหลัก

Brief Record : Get Marc (ISO 2709) : E-mail record : QR code < ปิดหน้าต่าง
LEADER : 00000nam 2200000uu 4500
001    13399123360
003     ULIB
008    140827s2557||||th 000 0 tha d
099    ^aวจ.LB2324^bศ631ป
100 0  ^aศิริรัตน์ จำปีเรือง
245 00 ^aปัจจัยที่สัมพันธ์กับการมีส่วนร่วมของบุคลากรในการประกันคุณภาพการศึกษา/^cศิริรัตน์ จำปีเรือง, รพีพรรณ วิบุูลย์วัฒนกิจ, เบญญาภา ภิภัชปวัน และวาสนา เรืองจุติโพธิ์พาน
246 0  ^aFactors correlated with personel participation in education quality assurance
260    ^aนครสวรรค์ :^bวิทยาลัยพยาบาลบรมราชชนนีสวรรค์ประชารักษ์ นครสวรรค์,^c2557
300    ^a81 หน้า
650  0 ^aการประกันคุณภาพการศึกษา^xวิจัย
700 0  รพีพรรณ วิบุูลย์วัฒนกิจ
700 0  เบญญาภา ภิภัชปวัน
700 0  วาสนา เรืองจุติโพธิ์พาน
710 1  ^aวิทยาลัยพยาบาลบรมราชชนนีสวรรค์ประชารักษ์ นครสวรรค์
945    ^p0^l0^i20438
999    ^aทศพร เกษรทอง
รายการนี้ยังไม่มีแท็ก
คุณยังไม่ได้ล็อกอิน คุณสามารถมีกิจกรรมร่วมกับเว็บไซต์ได้ แต่ต้องล็อกอินก่อน ::
  ล็อกอิน

รายการสื่อสารสนเทศ

ลำดับที่ ประเภท เลขเรียก/บาร์โค้ด สถานที่ สถานะ
1. งานวิจัย
งานวิจัย
วจ.LB2324 ศ631ป ฉ.1 
  Barcode: 20438
ห้องสมุดวิทยาเขตนครสวรรค์
►วิจัย:l:Research Room
บนชั้น

รายการใกล้เคียง
    ผู้แต่ง [ศิริรัตน์ จำปีเรือง]

BibComment


ยังไม่เคยถูกคอมเมนท์

คอมเมนท์ทรัพยากรรายการนี้
  คอมเมนท์: ปัจจัยที่สัมพันธ..


 Copyright 2026. Bcnsprnw @Library